000
00324 a2200145 4500
001
159512
020
_a
040
_c
Magnum
100
_a
Lopes, Antonio
240
1
0
_a
Enciclopedia sexo e saude/v.2
_l
por
245
1
0
_a
Enciclopedia sexo e saude/v.2
362
0
_a
1899
697
_a
MAGNITO: ENCICLOPEDIAS
942
_c
BK
999
_c
159512
_d
159512